| 000 | 00920nac a22002171u 4500 | ||
|---|---|---|---|
| 010 | _a 92039547 | ||
| 020 | _a0824788087 (acid-free paper) | ||
| 082 | 0 | 0 |
_a620.106 _bM9747 |
| 090 |
_c3798 _d3798 |
||
| 100 | _aMurdock, James W. | ||
| 245 | 1 | 0 |
_aFundamental fluid mechanics for the practicing engineer / _cJames W. Murdock. |
| 260 |
_aNew York : _bM. Dekker,1993 _cc1993. |
||
| 300 |
_axvi, 416 p. : _bill. ; _c24 cm. |
||
| 490 | 1 |
_aMechanical engineering ; _v82 |
|
| 504 | _aIncludes bibliographical references (p. 44) and index. | ||
| 650 | 0 | _aFluid mechanics. | |
| 830 | 0 | _aMechanical engineering (Marcel Dekker, Inc.) ; | |
| 856 | 4 | 2 |
_3Publisher description _uhttp://www.loc.gov/catdir/enhancements/fy0647/92039547-d.html |
| 942 |
_cBB _k620.106M9747 |
||
| 999 |
_c3798 _d3798 |
||